Tìm hiểu mỹ học Mác - Lênin Tài liệu tham khảo lưu hành nội bộ
Giới thiệu sơ quát các nguyên lý mỹ học Mác - Lênin. Vấn đề đời sống thẩm mỹ, mối quan hệ thẩm mỹ với chủ thể cảm thụ, sáng tạo và các hiện tượng thẩm mỹ khách quan
Zapisane w:
| 1. autor: | |
|---|---|
| Format: | Książka |
| Język: | Vietnamese |
| Wydane: |
H.
Văn hóa
1979
|
| Hasła przedmiotowe: | |
| Etykiety: |
Dodaj etykietę
Nie ma etykietki, Dołącz pierwszą etykiete!
|
| Thư viện lưu trữ: | Mạng thư viện Đại học Đà Nẵng |
|---|
| LEADER | 01353nam a2200361 4500 | ||
|---|---|---|---|
| 001 | 000006101 | ||
| 003 | 2255 | ||
| 005 | 20110831110847.0 | ||
| 008 | 110831s1979 viesd | ||
| 020 | |c 10000đ | ||
| 041 | 0 | |a vie | |
| 082 | |a 111 |b HO-L | ||
| 100 | 0 | |a Hoài Lam | |
| 245 | 0 | |a Tìm hiểu mỹ học Mác - Lênin |b Tài liệu tham khảo lưu hành nội bộ |c Hoài Lam | |
| 260 | |a H. |b Văn hóa |c 1979 | ||
| 300 | |a 283 tr |c 19 cm | ||
| 520 | |a Giới thiệu sơ quát các nguyên lý mỹ học Mác - Lênin. Vấn đề đời sống thẩm mỹ, mối quan hệ thẩm mỹ với chủ thể cảm thụ, sáng tạo và các hiện tượng thẩm mỹ khách quan | ||
| 653 | |a Mỹ học | ||
| 653 | |a sáng tạo | ||
| 653 | |a mỹ học Mác Lênin | ||
| 653 | |a thẩm mỹ | ||
| 700 | |a Hoài Lam |e tác giả | ||
| 910 | |a Nguyễn Thị Kim Oanh |d 31/08/2011 | ||
| OWN | |a LSP | ||
| AVA | |a UDN50 |b LSP |d 111 HO-L |e unavailable |t Error 5002 Not defined in file expand_doc_bib_avail. |f 1 |g 1 |h N |i 0 |k 1 | ||
| 999 | |a From the UDN01 | ||
| AVA | |a UDN50 |b LSP |d 111 HO-L |e unavailable |t Error 5002 Not defined in file expand_doc_bib_avail. |f 1 |g 1 |h N |i 0 |k 1 | ||
| TYP | |a Monograph | ||
| TYP | |a Printed language | ||
| 980 | |a Mạng thư viện Đại học Đà Nẵng | ||